000 01135cam a2200337 i 4500
001 768714001
003 CO-MdFUSB
005 20240527162125.0
007 ta
008 240525t2004 -sp||||| |||| 00| 0 spa d
020 _a84-301-1514-5
040 _cCO-MdFUSB
041 0 _aspa
_hpor
082 0 4 _224
_aG 233.5
_bG629u
100 1 _aGolub, Ivan
_eautor
240 _acroata Dar dana sestoga
245 1 0 _aEl último día de la creación o el don del sexto día /
_cIvan Golub ; traducido por Tihomir Pistelek , Luisa Fernanda Garrido Ramos
264 1 _bEdiciones Sígueme,
_aSalamanca :
_c[2004]
264 4 _c© 2004
300 _a128 páginas
_c; 19 cm
336 _atexto
_btxt
_2rdacontent
337 _2rdamedia
_asin mediación
_bn
338 _2rdacarrier
_avolumen
_bnc
505 _aLa palabra, un don de Dios -- La imagen, un donde Dios -- El juego, un don de Dios
563 _aRústico
650 7 _aAntropología bíblica
_2embne
_96715
700 _aPištelek, Tihomir,
_99766
_etraductor
700 _aGarrido Ramos, Luisa Fernanda,
_99767
_etraductor
942 _cBK
945 _aMiguel Ángel
999 _c44426
_d44426